Organizational behavior (a book of Cases)

Bibliographic Details
Other Authors: Mayo, Geraldine C
Format: Book
Published: Quezon City : New Day Pub , 1991
Subjects:

MARC

LEADER 00000cam a2200000 7i4500
001 0000003780
002 000004070
005 20000330.0
020 |a 9711004844 
090 0 0 |a 302.35   |b ORG 
245 0 0 |a Organizational behavior (a book of Cases)   |c edited by GGeraldine C. Maayo 
260 |a Quezon City :   |b New Day Pub ,   |c 1991 
300 |a 102 p. ;   |c 24 cm. 
650 0 0 |a Organizational behavior 
700 1 |a Mayo, Geraldine C 
999 |a 037013   |b BUKU   |c PINJAMAN   |e PERPUSTAKAAN KOMUNITI PETALING JAYA